Godbola, Achyut, S. (Record no. 142014)

MARC details
000 -LEADER
fixed length control field 00380nam a2200157Ia 4500
008 - FIXED-LENGTH DATA ELEMENTS--GENERAL INFORMATION
fixed length control field 230917s9999||||xx |||||||||||||| ||und||
040 ## - CATALOGING SOURCE
-- 113131
Original cataloging agency VIVEKANANDA LIBRARY
041 ## - Language
-- English
082 ## - DDC NUMBER
Classification number 005.1 G541O
100 ## - MAIN ENTRY--PERSONAL NAME
Personal name Operating Systems
245 #0 - TITLE STATEMENT
Title Godbola, Achyut, S.
250 ## - EDITION STATEMENT
Edition statement 2nd ed.
260 ## - PUBLICATION, DISTRIBUTION, ETC. (IMPRINT)
Place of publication, distribution, etc New Delhi
Name of publisher, distributor, etc Tata Mcgraw-Hill
300 ## - PHYSICAL DESCRIPTION
Pages XXXI p. ; 692p.
942 ## - ADDED ENTRY ELEMENTS (KOHA)
Koha item type Books
Holdings
Withdrawn status Lost status Damaged status Not for loan Location (home branch) Sublocation or collection (holding branch) Date acquired Koha issues (times borrowed) Koha full call number Accession No. Koha date last seen Koha item type
        VIVEKANANDA LIBRARY VIVEKANANDA LIBRARY 21/02/2007 1 005.1 G541O 250261 25/11/2023 Books
        VIVEKANANDA LIBRARY VIVEKANANDA LIBRARY 21/02/2007   005.1 G541O 250262 17/09/2023 Books
        VIVEKANANDA LIBRARY VIVEKANANDA LIBRARY 21/02/2007   005.1 G541O 250263 17/09/2023 Books
        VIVEKANANDA LIBRARY VIVEKANANDA LIBRARY 21/02/2007   005.1 G541O 250264 17/09/2023 Books
        VIVEKANANDA LIBRARY VIVEKANANDA LIBRARY 21/02/2007 1 005.1 G541O 250265 11/01/2024 Books
        VIVEKANANDA LIBRARY VIVEKANANDA LIBRARY 21/02/2007 1 005.1 G541O 250266 02/05/2024 Books
        VIVEKANANDA LIBRARY VIVEKANANDA LIBRARY 21/02/2007   005.1 G541O 250267 17/09/2023 Books
        VIVEKANANDA LIBRARY VIVEKANANDA LIBRARY 21/02/2007   005.1 G541O 250268 17/09/2023 Books
        VIVEKANANDA LIBRARY VIVEKANANDA LIBRARY 21/02/2007   005.1 G541O 250269 17/09/2023 Books
        VIVEKANANDA LIBRARY VIVEKANANDA LIBRARY 21/02/2007   005.1 G541O 250270 17/09/2023 Books
© Designed and Maintained by Vivekananda Library, MDU Rohtak